<?xml version="1.0" encoding="UTF-8"?>
<record
    xmlns:xsi="http://www.w3.org/2001/XMLSchema-instance"
    xsi:schemaLocation="http://www.loc.gov/MARC21/slim http://www.loc.gov/standards/marcxml/schema/MARC21slim.xsd"
    xmlns="http://www.loc.gov/MARC21/slim">

  <leader>00587nam a22002177a 4500</leader>
  <controlfield tag="003">UA-OsUOA</controlfield>
  <controlfield tag="001"> 59828 </controlfield>
  <controlfield tag="007">ta</controlfield>
  <controlfield tag="008">20090429b un ||||| |||| 00| 0 ukr d</controlfield>
  <datafield tag="090" ind1=" " ind2=" ">
    <subfield code="a">82.09(038)</subfield>
    <subfield code="b">&#x428;37</subfield>
  </datafield>
  <datafield tag="942" ind1=" " ind2=" ">
    <subfield code="c">BK</subfield>
  </datafield>
  <datafield tag="040" ind1=" " ind2=" ">
    <subfield code="a">UA-OsUOA</subfield>
    <subfield code="b">ukr</subfield>
    <subfield code="c">UA-OsUOA</subfield>
    <subfield code="d">UA-OsUOA</subfield>
  </datafield>
  <datafield tag="245" ind1=" " ind2=" ">
    <subfield code="a">&#x428;&#x435;&#x432;&#x447;&#x435;&#x43D;&#x43A;&#x456;&#x432;&#x441;&#x44C;&#x43A;&#x438;&#x439; &#x441;&#x43B;&#x43E;&#x432;&#x43D;&#x438;&#x43A;</subfield>
  </datafield>
  <datafield tag="300" ind1=" " ind2=" ">
    <subfield code="a">408 &#x441;.</subfield>
  </datafield>
  <datafield tag="955" ind1=" " ind2=" ">
    <subfield code="a">2</subfield>
  </datafield>
  <datafield tag="041" ind1=" " ind2=" ">
    <subfield code="a">ukr</subfield>
  </datafield>
  <datafield tag="080" ind1=" " ind2=" ">
    <subfield code="a">82.09(038)</subfield>
  </datafield>
  <datafield tag="260" ind1=" " ind2=" ">
    <subfield code="a">&#x41A;.</subfield>
    <subfield code="b">&#x413;&#x43E;&#x43B;&#x43E;&#x432;&#x43D;&#x430; &#x440;&#x435;&#x434;&#x430;&#x43A;&#x446;&#x456;&#x44F; &#x423;&#x420;&#x415;</subfield>
    <subfield code="c">1978</subfield>
  </datafield>
  <datafield tag="650" ind1=" " ind2="7">
    <subfield code="a">82 &#x41B;&#x456;&#x442;&#x435;&#x440;&#x430;&#x442;&#x443;&#x440;&#x430;. &#x41B;&#x456;&#x442;&#x435;&#x440;&#x430;&#x442;&#x443;&#x440;&#x43E;&#x437;&#x43D;&#x430;&#x432;&#x441;&#x442;&#x432;&#x43E;</subfield>
    <subfield code="2">UDC</subfield>
  </datafield>
  <datafield tag="999" ind1=" " ind2=" ">
    <subfield code="c">345912</subfield>
    <subfield code="d">345912</subfield>
  </datafield>
  <datafield tag="952" ind1=" " ind2=" ">
    <subfield code="0">0</subfield>
    <subfield code="1">0</subfield>
    <subfield code="2">udc</subfield>
    <subfield code="4">0</subfield>
    <subfield code="7">0</subfield>
    <subfield code="a">101</subfield>
    <subfield code="b">101</subfield>
    <subfield code="d">2009-04-29</subfield>
    <subfield code="e">65/2009</subfield>
    <subfield code="g">100.00</subfield>
    <subfield code="i">120663</subfield>
    <subfield code="l">0</subfield>
    <subfield code="o">82.09(038) &#x428;37</subfield>
    <subfield code="p">120663</subfield>
    <subfield code="r">2022-02-11 00:00:00</subfield>
    <subfield code="w">2009-04-29</subfield>
    <subfield code="y">BK</subfield>
  </datafield>
  <datafield tag="952" ind1=" " ind2=" ">
    <subfield code="0">0</subfield>
    <subfield code="1">0</subfield>
    <subfield code="2">udc</subfield>
    <subfield code="4">0</subfield>
    <subfield code="7">0</subfield>
    <subfield code="a">102</subfield>
    <subfield code="b">102</subfield>
    <subfield code="d">2012-09-25</subfield>
    <subfield code="i">92053</subfield>
    <subfield code="l">0</subfield>
    <subfield code="o">82.09(038) &#x428;37</subfield>
    <subfield code="p">92053</subfield>
    <subfield code="r">2022-02-09 00:00:00</subfield>
    <subfield code="w">2009-04-29</subfield>
    <subfield code="y">BK</subfield>
  </datafield>
  <datafield tag="952" ind1=" " ind2=" ">
    <subfield code="0">0</subfield>
    <subfield code="1">0</subfield>
    <subfield code="2">udc</subfield>
    <subfield code="4">0</subfield>
    <subfield code="7">0</subfield>
    <subfield code="a">102</subfield>
    <subfield code="b">102</subfield>
    <subfield code="d">2012-09-25</subfield>
    <subfield code="i">92054</subfield>
    <subfield code="l">0</subfield>
    <subfield code="o">82.09(038) &#x428;37</subfield>
    <subfield code="p">92054</subfield>
    <subfield code="r">2022-02-09 00:00:00</subfield>
    <subfield code="w">2009-04-29</subfield>
    <subfield code="y">BK</subfield>
  </datafield>
  <datafield tag="952" ind1=" " ind2=" ">
    <subfield code="0">0</subfield>
    <subfield code="1">0</subfield>
    <subfield code="2">udc</subfield>
    <subfield code="4">0</subfield>
    <subfield code="7">0</subfield>
    <subfield code="a">102</subfield>
    <subfield code="b">102</subfield>
    <subfield code="d">2012-09-25</subfield>
    <subfield code="i">92055</subfield>
    <subfield code="l">0</subfield>
    <subfield code="o">82.09(038) &#x428;37</subfield>
    <subfield code="p">92055</subfield>
    <subfield code="r">2022-02-09 00:00:00</subfield>
    <subfield code="w">2009-04-29</subfield>
    <subfield code="y">BK</subfield>
  </datafield>
</record>
